000 00315nam a22001337a 4500
008 170914b xxu||||| |||| 00| 0 eng d
020 _a9780141003689
041 _aeng
080 _a7
100 _a7
101 _aART
245 _aA PLSCE TO STAY 30 EXTRAORDINARY HOTELS
_cCASSLPY/M
942 _2udc
_cBK
999 _c27616
_d27616